| 000 | 00341nam a2200145Ia 4500 | ||
|---|---|---|---|
| 008 | 230312s9999||||xx |||||||||||||| ||und|| | ||
| 020 | _a81-219-2537-1 | ||
| 082 |
_a621.815 _bKHU-T |
||
| 100 | _aKhurmi;R,S | ||
| 245 | 0 | _aTextbook of Machine Design | |
| 260 |
_bKhurmi _aIndia _c1979 |
||
| 300 | _a1225 | ||
| 650 | _aEngineering | ||
| 942 | _cBK | ||
| 999 |
_c3868 _d3868 |
||